00847pam a2200217 a 45000010005000000030008000050050017000130080039000300200016000690350018000850400032001030410008001350820025001432450178001682600084003463000033004305040041004636500034005047000030005387110061005688423BD-RjUL20211208234603.0180114s1986 caua b 100 0 eng a0883184877  a(BD-RjUL)8468 aDLCcDLCdDLCdBD-RjULbeng aeng00a530.09219bPHY 198600aPhysics for a new century :bpapers presented at the 1904 St. Louis congress /ca compilation selected and a preface by Katherine R. Sopka ; introduction by Albert E. Moyer. a[Los Angeles] :bTomash ;a[New York] :bAmerican Institute of Physics,cc1986. axx, 300 p. :bill. ;c24 cm. aIncludes bibliographical references. 0aPhysicsxHistoryxCongresses.1 aSopka, Katherine Russell.2 aCongress of Arts and Scienced(1904 :cSaint Louis, Mo.)